Portrait: (Record no. 395)

MARC details
000 -LEADER
fixed length control field 00580cam a22002171 4500
005 - DATE AND TIME OF LATEST TRANSACTION
control field 20260322212018.0
008 - FIXED-LENGTH DATA ELEMENTS--GENERAL INFORMATION
fixed length control field data
010 ## - LIBRARY OF CONGRESS CONTROL NUMBER
LC control number 61017341
015 ## - NATIONAL BIBLIOGRAPHY NUMBER
National bibliography number GB63-6175
040 ## - CATALOGING SOURCE
Original cataloging agency DLC
Transcribing agency OAU
Modifying agency DLC
-- Uk
-- DLC
050 00 - LIBRARY OF CONGRESS CALL NUMBER
Classification number E842
Item number .L65
082 00 - DEWEY DECIMAL CLASSIFICATION NUMBER
Classification number B
-- B
001 - CONTROL NUMBER
control field data
100 1# - MAIN ENTRY--PERSONAL NAME
Personal name Lowe, Jacques.
245 10 - TITLE STATEMENT
Title Portrait:
Remainder of title the emergence of John F. Kennedy.
Statement of responsibility, etc. Jacques Lowe.
250 ## - EDITION STATEMENT
Edition statement [1st ed.]
260 ## - PUBLICATION, DISTRIBUTION, ETC.
Place of publication, distribution, etc. New York,
Name of publisher, distributor, etc. McGraw-Hill
Date of publication, distribution, etc. [1961]
300 ## - PHYSICAL DESCRIPTION
Extent 223 p.
Other physical details illus., ports.
Dimensions 29 cm.
600 10 - SUBJECT ADDED ENTRY--PERSONAL NAME
Personal name Kennedy, John F.
Fuller form of name (John Fitzgerald),
Dates associated with a name 1917-1963.
600 30 - SUBJECT ADDED ENTRY--PERSONAL NAME
Personal name Kennedy family.
Holdings
Withdrawn status Lost status Damaged status Not for loan Home library Current library Shelving location Date acquired Total checkouts Full call number Barcode Date last seen Price effective from Koha item type
        Franklin Franklin General stacks 22/03/2026   973.922/092 B BC0010405 22/03/2026 22/03/2026 Books